000 00413nam a2200133 a 4500
003 DLC
005 20210219152742.0
035 _aUPN01000059887
245 0 0 _aBULLETIN OF THE FEDERATION INTERNATIONALE D'EDUCATION PHYSIQUE
260 _aInglaterra
_bFedration Internationale d'Education Physique (FIEP)
505 0 _aIncluye artículos en español, inglés y francés
905 _aRevista
999 _c59767
_d59767